[Event "Mechanics' SummerTNM; 30/90, SD/30"]
[Site "San Francisco"]
[Date "2014.07.15"]
[Round "8.25"]
[White "Palmeri, Ralph"]
[Black "West, David Matthew"]
[Result "1-0"]
[WhiteElo "1740"]
[BlackElo "1428"]
[PlyCount "119"]
[EventDate "2014.??.??"]

1. e4 e6 2. d3 d5 3. Nd2 c5 4. Ngf3 Nf6 5. g3 Nc6 6. Bg2 dxe4 7. dxe4 e5 8. O-O
Bg4 9. c3 Be7 10. Qa4 O-O 11. Re1 a6 12. Nf1 b5 13. Qc2 Qc7 14. Nh4 c4 15. Ne3
Be6 16. Nd5 Qa7 17. Be3 Bc5 18. Nf5 Bxe3 19. Nxf6+ gxf6 20. Nxe3 Ne7 21. Rad1
Rad8 22. Rxd8 Rxd8 23. Rd1 Qa8 24. Qe2 Rxd1+ 25. Qxd1 Qc8 26. h4 Qd7 27. Qxd7
Bxd7 28. Kf1 Kf8 29. Ke2 Ke8 30. Kd2 Bc6 31. f3 Kd7 32. Bh3+ Kd6 33. b3 cxb3
34. axb3 a5 35. Kd3 Kc5 36. f4 a4 37. b4+ Kd6 38. c4 bxc4+ 39. Nxc4+ Kc7 40.
fxe5 fxe5 41. Nxe5 a3 42. Kc3 Bxe4 43. Nxf7 a2 44. Kb2 Bd5 45. Ne5 Kd6 46. Nd3
Be6 47. Bxe6 Kxe6 48. g4 Kd5 49. Nc1 Nc6 50. Nxa2 Ne5 51. g5 Nf3 52. h5 Nxg5
53. Kb3 Ne4 $4 54. Nc3+ Nxc3 55. Kxc3 Kc6 56. Kc4 Kb6 57. Kd5 Kb5 58. Ke6 Kxb4
59. Kf7 Kc5 60. Kg7 1-0

[Event "Mechanics' SummerTNM; 30/90, SD/30"]
[Site "San Francisco"]
[Date "2014.07.15"]
[Round "8.27"]
[White "Paquette, James"]
[Black "Casares, Nick"]
[Result "0-1"]
[WhiteElo "1314"]
[BlackElo "1600"]
[PlyCount "42"]
[EventDate "2014.??.??"]

1. e4 e5 2. Nf3 Nc6 3. Bc4 Nf6 4. Ng5 d5 5. exd5 Na5 6. d3 h6 7. Nf3 Bd6 8. O-O
O-O 9. b3 c6 10. Nc3 b5 11. dxc6 bxc4 12. dxc4 Nxc6 13. Bb2 Bg4 14. Re1 Bxf3
15. Qxf3 Nd4 16. Qd3 Qc7 17. Ne4 Nxe4 18. Rxe4 f5 19. Rh4 Rad8 20. Rh5 Be7 21.
Qg3 Ne2+ 0-1

[Event "Mechanics' Spring TNM; 30/90, SD/30"]
[Site "San Francisco"]
[Date "2014.04.01"]
[Round "3.21"]
[White "Paquette, James"]
[Black "Chalissey, Jossy"]
[Result "0-1"]
[WhiteElo "1331"]
[BlackElo "1723"]
[PlyCount "66"]
[EventDate "2014.??.??"]

1. b4 d6 2. Bb2 e5 3. c4 f5 4. e3 Nf6 5. Nf3 Be7 6. d4 e4 7. Nfd2 O-O 8. Nc3 c6
9. d5 Nbd7 10. f3 Ne5 11. fxe4 fxe4 12. Ndxe4 Nxe4 13. Nxe4 Bh4+ 14. Ng3 Qg5
15. Qd2 Bxg3+ 16. hxg3 Qxg3+ 17. Kd1 Bg4+ 18. Kc2 Rf2 19. Bxe5 Rxd2+ 20. Kxd2
Qxe5 21. Bd3 h6 22. Raf1 Qb2+ 23. Bc2 Qxb4+ 24. Kd3 cxd5 25. Bb3 Rc8 26. Rf4
dxc4+ 27. Bxc4+ Rxc4 28. Rxc4 {Diagram #} Be2+ 29. Kxe2 Qxc4+ 30. Kf3 Qxa2 31.
Rc1 a5 32. Rc7 a4 33. Rxb7 Qd5+ 0-1

[Event "Mechanics' SummerTNM; 30/90, SD/30"]
[Site "San Francisco"]
[Date "2014.06.10"]
[Round "3.23"]
[White "Paquette, James"]
[Black "Cohee, James"]
[Result "0-1"]
[WhiteElo "1314"]
[BlackElo "1638"]
[PlyCount "50"]
[EventDate "2014.??.??"]

1. b4 e5 2. Bb2 d6 3. c4 Be6 4. e3 Nf6 5. Nc3 Nbd7 6. Nf3 Be7 7. d4 exd4 8.
exd4 d5 9. c5 c6 10. Bd3 Bg4 11. O-O O-O 12. Re1 Re8 13. Re3 Bf8 14. Qe2 Rxe3
15. Qxe3 Bxf3 16. Qxf3 Qe7 17. Kf1 Re8 18. g4 Ne4 19. Qh3 g6 20. Nxe4 dxe4 21.
Bc4 Bg7 22. Re1 Nf6 23. g5 Nd5 24. Bd3 Nf4 25. Qe3 Nxd3 0-1

[Event "Mechanics' Spring TNM; 30/90, SD/30"]
[Site "San Francisco"]
[Date "2014.03.18"]
[Round "1.15"]
[White "Paquette, James"]
[Black "Dorn, Richard"]
[Result "0-1"]
[WhiteElo "1331"]
[BlackElo "1940"]
[PlyCount "82"]
[EventDate "2014.??.??"]

1. b4 d5 2. Bb2 Nf6 3. e3 Bf5 4. Nf3 e6 5. b5 c5 6. c4 dxc4 7. Bxc4 Bd3 8. Qb3
Bxc4 9. Qxc4 Nbd7 10. O-O Nb6 11. Qc2 Rc8 12. d3 Be7 13. Nbd2 O-O 14. Nc4 Nbd5
15. Nce5 Nb4 16. Qc4 Nbd5 17. e4 Nf4 18. Rfe1 Nd7 19. g3 Ng6 20. Rad1 Nb6 21.
Qb3 Nxe5 22. Nxe5 Bf6 23. f4 Qc7 24. Rc1 Rfd8 25. Red1 Qe7 26. a4 Nd7 27. a5
Nxe5 28. Bxe5 Bxe5 29. fxe5 Qg5 30. Qc3 Qe3+ 31. Kg2 c4 32. dxc4 Qe2+ 33. Kh3
Rxd1 34. Rc2 Qxe4 35. Rd2 Qe1 36. Qf3 Rxd2 37. Qxb7 Qf1+ 38. Kh4 Rxc4+ 39. g4
Qf2+ 40. Kg5 Qf4+ 41. Kh5 Qxg4# 0-1

[Event "Mechanics' SummerTNM; 30/90, SD/30"]
[Site "San Francisco"]
[Date "2014.07.01"]
[Round "6.34"]
[White "Paquette, James"]
[Black "Eastham, Lorraine"]
[Result "1-0"]
[WhiteElo "1314"]
[BlackElo "999"]
[Annotator "Donaldson"]
[PlyCount "57"]
[EventDate "2014.??.??"]

1. e4 e5 2. Nf3 Nc6 3. Bc4 Bc5 4. b4 Bxb4 5. c3 Be7 6. d4 d6 (6... Na5 7. Nxe5
Nxc4 8. Nxc4 d5) 7. Qb3 (7. O-O) 7... Nf6 8. Bxf7+ Kf8 9. Ng5 exd4 10. Bg6 Ne5
11. Nf7 Qe8 12. Nxh8 hxg6 13. cxd4 Nc6 14. Bb2 Nxe4 15. O-O Bf6 16. Re1 Bf5 17.
Nd2 Nd8 18. f3 Qc6 19. fxe4 Be6 20. d5 Qc5+ 21. Kh1 Bxb2 22. Qxb2 Bf7 23. Rf1
Qe3 24. Rf3 Qh6 25. Nxf7 Nxf7 26. Raf1 Re8 27. Rxf7+ Kg8 28. Rxc7 Qe3 29. Rxg7+
1-0

[Event "Mechanics' Fall TNM; 30/90, SD/30"]
[Site "San Francisco"]
[Date "2014.12.02"]
[Round "6.32"]
[White "Paquette, James"]
[Black "Gomboluudev, Enkhjin"]
[Result "1/2-1/2"]
[WhiteElo "1272"]
[BlackElo "1464"]
[PlyCount "91"]
[EventDate "2014.??.??"]

1. d4 d5 2. Nf3 Nf6 3. Bg5 e6 4. e3 Be7 5. Nbd2 O-O 6. c4 c6 7. c5 Nbd7 8. Bd3
Re8 9. O-O Bf8 10. Qc2 h6 11. Bh4 e5 12. dxe5 Nxe5 13. Nxe5 Rxe5 14. Nf3 Re8
15. b4 Bg4 16. Nd4 Be7 17. h3 Bd7 18. Nf3 Nh5 19. Bh7+ Kh8 20. Ne5 Be6 21. Bf5
Qc7 22. Bxe6 Qxe5 23. Bxe7 Rxe7 24. Bg4 Nf6 25. Bf3 Rd8 26. Rad1 d4 27. exd4
Rxd4 28. Rxd4 Qxd4 29. a3 Rd7 30. Rd1 Qe5 31. Rxd7 Nxd7 32. Qd1 Nf6 33. Qb1 Qc3
34. Qa2 Kg8 35. Kf1 a5 36. bxa5 Qxc5 37. Qb3 Qxa5 38. Qxb7 Qxa3 39. Qxc6 Qe7
40. Qb7 Qxb7 41. Bxb7 Nh5 42. g3 g5 43. Bf3 Nf6 44. Ke2 Kg7 45. Ke3 h5 46. Kd4
1/2-1/2

[Event "Mechanics' Whitehead TNM; 30/90, SD/30"]
[Site "San Francisco"]
[Date "2014.09.02"]
[Round "5.27"]
[White "Paquette, James"]
[Black "Hack, Richard"]
[Result "0-1"]
[WhiteElo "1320"]
[BlackElo "1570"]
[PlyCount "92"]
[EventDate "2014.??.??"]

1. d4 f5 2. Nf3 g6 3. Bg5 h6 4. Bf4 Nf6 5. Ne5 g5 6. Be3 d6 7. Ng6 Rg8 8. Nxf8
Rxf8 9. h4 f4 10. Bd2 Nc6 11. e3 e5 12. hxg5 hxg5 13. d5 Ne7 14. Bb5+ c6 15.
dxc6 bxc6 16. Ba4 Ba6 17. Nc3 Qb6 18. Bb3 O-O-O 19. Qf3 g4 20. Be6+ Kb8 21.
Bxg4 Nxg4 22. Qxg4 Nf5 23. exf4 Nd4 24. O-O-O Bc8 25. Qg3 Rg8 26. Qd3 Bf5 27.
Qf1 Bxc2 28. Re1 Ka8 29. fxe5 Rb8 30. Na4 Bxa4 31. Bc3 Bb5 32. Qg1 Ne2+ 33.
Rxe2 Bxe2 34. Qe1 Bc4 35. exd6 Rb7 36. Rh8 Rxh8 37. Bxh8 Qd8 38. Be5 Bxa2 39.
Qc3 Bd5 40. g3 Rb3 41. Qd4 Kb7 42. Bf4 Rb6 43. Be3 Ra6 44. Qb4+ Kc8 45. Bf4
Ra1+ 46. Kd2 Qa5 0-1

[Event "Mechanics' Whitehead TNM; 30/90, SD/30"]
[Site "San Francisco"]
[Date "2014.08.05"]
[Round "1.19"]
[White "Paquette, James"]
[Black "Hakobyan, Sos"]
[Result "0-1"]
[WhiteElo "1320"]
[BlackElo "1953"]
[PlyCount "90"]
[EventDate "2014.??.??"]

1. d4 Nf6 2. Nf3 e6 3. Bg5 Be7 4. Nbd2 d5 5. e3 Nbd7 6. Bd3 c5 7. c3 c4 8. Bc2
h6 9. Bh4 Qc7 10. Qe2 Bd6 11. e4 dxe4 12. Nxe4 Nxe4 13. Qxe4 Nb6 14. O-O-O f5
15. Qe2 g5 16. Bxf5 gxh4 17. Bxe6 Bxe6 18. Qxe6+ Qe7 19. Qg6+ Kd7 20. Rhe1 Bf4+
21. Kb1 Qh7 22. Ne5+ Bxe5 23. dxe5+ Ke7 24. Qxh7+ Rxh7 25. e6 Rf8 26. Re2 Rg7
27. f3 Rf6 28. Rde1 Rgg6 29. Kc2 Rxe6 30. Rxe6+ Rxe6 31. Rxe6+ Kxe6 32. Kd2 Nd5
33. g3 h3 34. f4 Kf5 35. Ke2 Ke4 36. Kf2 Nf6 37. b3 b5 38. bxc4 bxc4 39. Ke2
Ng4 40. a4 Nxh2 41. a5 Ng4 42. Kf1 Kf3 43. Kg1 h2+ 44. Kh1 Kxg3 45. f5 Nf2# 0-1

[Event "Mechanics' Whitehead TNM; 30/90, SD/30"]
[Site "San Francisco"]
[Date "2014.08.12"]
[Round "2.27"]
[White "Paquette, James"]
[Black "Handler, Andrew"]
[Result "1/2-1/2"]
[WhiteElo "1320"]
[BlackElo "1652"]
[PlyCount "72"]
[EventDate "2014.??.??"]

1. d4 e6 2. Nf3 f5 3. c4 Nf6 4. Bg5 Be7 5. Nc3 O-O 6. e3 b6 7. Bd3 Bb7 8. O-O
d6 9. Bc2 Nbd7 10. d5 e5 11. Bxf5 a5 12. Be6+ Kh8 13. Nh4 Nc5 14. Bf5 Bc8 15.
f4 Bxf5 16. Nxf5 Qd7 17. g4 Rae8 18. Rf3 Bd8 19. Rh3 Nxg4 20. Qxg4 Qxf5 21. Qh4
Bxg5 22. fxg5 Rf7 23. e4 Qg6 24. Rf1 Rxf1+ 25. Kxf1 Rf8+ 26. Ke2 Rf4 27. Rf3
Nxe4 28. Rxf4 Nxc3+ 29. bxc3 Qc2+ 30. Kf3 Qxc3+ 31. Kg2 exf4 32. Qxf4 Kg8 33.
Qe4 Qd2+ 34. Kh3 Qc3+ 35. Kg4 Kf8 36. Qf5+ Ke8 1/2-1/2

[Event "Mechanics' Whitehead TNM; 30/90, SD/30"]
[Site "San Francisco"]
[Date "2014.09.23"]
[Round "8.29"]
[White "Paquette, James"]
[Black "Hilliard, Michael"]
[Result "1-0"]
[WhiteElo "1320"]
[BlackElo "1400"]
[PlyCount "73"]
[EventDate "2014.??.??"]

1. d4 d5 2. e4 e6 3. e5 c5 4. c3 Nc6 5. Nf3 cxd4 6. cxd4 Bb4+ 7. Nc3 Nge7 8.
Bd3 O-O 9. O-O f6 10. Qc2 g6 11. Ne2 fxe5 12. dxe5 Nf5 13. Bxf5 Rxf5 14. Ng3
Rf7 15. Ng5 Rc7 16. Qe2 Nd4 17. Qg4 Bc5 18. Be3 Qe7 19. Rac1 Nf5 20. Bxc5 Rxc5
21. Rxc5 Qxc5 22. Nxf5 exf5 23. Qh4 h5 24. Re1 Qe7 25. e6 Bd7 26. f4 Bc6 27.
Qf2 a6 28. Qd4 Rd8 29. Nf7 Kh7 30. Nxd8 Qxd8 31. e7 Qg8 32. Qf6 Bd7 33. Qd6 Be8
34. Re6 Bf7 35. Rf6 Kg7 36. Qd8 Qh7 37. Rxf7+ 1-0

[Event "Mechanics' Winter TNM; 30/90, SD/30"]
[Site "San Francisco"]
[Date "2014.02.18"]
[Round "7.26"]
[White "Paquette, James"]
[Black "Malykin, Erika"]
[Result "0-1"]
[WhiteElo "1331"]
[BlackElo "1577"]
[PlyCount "52"]
[EventDate "2014.??.??"]

1. b4 e5 2. Bb2 d6 3. e4 Nf6 4. Nc3 b6 5. Nf3 Na6 6. Bb5+ Nd7 7. Bc6 Rb8 8. a3
Bb7 9. Bxb7 Rxb7 10. Qe2 Nab8 11. d4 c5 12. d5 cxb4 13. axb4 Rc7 14. Nb5 Rb7
15. Nxa7 Nf6 16. Nc6 Qc7 17. Ra8 Be7 18. Nxb8 Rxb8 19. Qa6 Nd7 20. Rxb8+ Qxb8
21. O-O Qc7 22. c4 O-O 23. Nd2 Bg5 24. Bc3 Nf6 25. f3 Rc8 26. Rc1 Ra8 {
remainder illegible} 0-1

[Event "Mechanics' Fall TNM; 30/90, SD/30"]
[Site "San Francisco"]
[Date "2014.11.25"]
[Round "5.38"]
[White "Paquette, James"]
[Black "Morgan, Jerry"]
[Result "1-0"]
[WhiteElo "1272"]
[BlackElo "1561"]
[PlyCount "39"]
[EventDate "2014.??.??"]

1. d4 d5 2. Nf3 Nf6 3. Bg5 Ne4 4. Bh4 c5 5. e3 Qb6 6. Nc3 Qa5 7. Nd2 Nxc3 8.
bxc3 Qxc3 9. dxc5 Nc6 10. Rb1 a6 11. Bd3 e5 12. O-O Qxc5 13. c4 $1 dxc4 14.
Nxc4 b5 15. Be4 Bd7 {Diagram #} 16. Na5 $1 Rc8 17. Rc1 Qb6 18. Nxc6 Ba3 19.
Nxe5 $1 $18 Bd6 20. Nxd7 1-0

[Event "Mechanics' Winter TNM; 30/90, SD/30"]
[Site "San Francisco"]
[Date "2014.02.04"]
[Round "5.19"]
[White "Paquette, James"]
[Black "Shaughnessy, Elizabeth"]
[Result "0-1"]
[WhiteElo "1331"]
[BlackElo "1500"]
[PlyCount "38"]
[EventDate "2014.??.??"]

1. e4 e5 2. Nf3 Nc6 3. Bc4 Nf6 4. Ng5 d5 5. exd5 Na5 6. d3 Bc5 7. d6 Nxc4 8.
dxc7 Bxf2+ 9. Kxf2 Qd4+ 10. Kf1 Ng4 11. Qf3 Nce3+ 12. Bxe3 Nxe3+ 13. Ke2 Bg4
14. c3 Bxf3+ 15. Nxf3 Qb6 16. Nxe5 Nc2 17. Rf1 Qe3+ 18. Kd1 Qxe5 19. Na3 Ne3+
0-1

[Event "Mechanics' Spring TNM; 30/90, SD/30"]
[Site "San Francisco"]
[Date "2014.04.29"]
[Round "7.28"]
[White "Paquette, James"]
[Black "Simpkins, Jerry"]
[Result "0-1"]
[WhiteElo "1331"]
[BlackElo "1551"]
[PlyCount "62"]
[EventDate "2014.??.??"]

1. e4 e5 2. Nf3 Nc6 3. Bc4 Nf6 4. Ng5 d5 5. exd5 Nd4 6. Nc3 h6 7. Nf3 Bd6 (7...
Bg4) 8. O-O Bg4 9. Be2 Bf5 (9... Nxe2+ 10. Qxe2 O-O) 10. Nxd4 exd4 11. Bb5+ $4
{Diagram #} (11. Nb5) 11... Bd7 $2 (11... Kf8 $1 12. Ne2 Bxh2+ $1 13. Kxh2 Ng4+
14. Kg3 Qg5 15. f4 Qg6 $19) 12. Re1+ Be7 13. Bxd7+ Qxd7 14. Ne2 O-O 15. Nxd4
Nxd5 16. Qf3 Nb4 17. c3 Bf6 18. cxb4 Bxd4 19. d3 Rfe8 20. Bd2 Bxb2 21. Rab1 Bf6
22. Bxh6 Rxe1+ 23. Rxe1 Bc3 24. Rc1 Bb2 25. Rb1 Qe6 26. Be3 Qxa2 27. Rd1 Qb3
28. Qe2 Bf6 $15 29. Rb1 $4 Qxb1+ 30. Qf1 Qxf1+ 31. Kxf1 Be7 0-1

[Event "Mechanics' Fall TNM; 30/90, SD/30"]
[Site "San Francisco"]
[Date "2014.10.28"]
[Round "2.14"]
[White "Paquette, James"]
[Black "Wang, Yuan"]
[Result "0-1"]
[WhiteElo "1272"]
[BlackElo "2033"]
[PlyCount "106"]
[EventDate "2014.??.??"]

1. d4 Nf6 2. Nf3 g6 3. Bg5 Bg7 4. Nbd2 O-O 5. e4 d6 6. Bd3 Nc6 7. c3 e5 8. d5
Ne7 9. h3 Nh5 10. g3 f6 11. Be3 f5 12. Qc2 f4 13. gxf4 Nxf4 14. Bxf4 Rxf4 15.
O-O-O Qf8 16. Be2 Bh6 17. Kb1 Bd7 18. Qb3 Qc8 19. Bf1 a5 20. Rg1 a4 21. Qc4 Rf7
22. h4 Bg4 23. Be2 a3 24. b3 Bxd2 25. Nxd2 Bxe2 26. Qxe2 Qh3 27. f3 Qxh4 28.
Rh1 Qf4 29. Rh3 c6 30. c4 cxd5 31. cxd5 Nxd5 32. exd5 Qf5+ 33. Ne4 Qxh3 34.
Nxd6 Qxf3 35. Qxf3 Rxf3 36. Nxb7 e4 37. d6 e3 38. d7 e2 39. d8=Q+ Rxd8 40.
Rxd8+ Rf8 41. Rxf8+ Kxf8 42. Kc2 e1=Q 43. Nc5 Qf2+ 44. Kd3 Qxc5 45. b4 Qxb4 46.
Ke3 Kf7 47. Kf3 Kf6 48. Kg3 Kf5 49. Kf3 Qc3+ 50. Kg2 Kf4 51. Kg1 Kf3 52. Kh1
Qd2 53. Kg1 Qg2# 0-1

[Event "Mechanics' Fall TNM; 30/90, SD/30"]
[Site "San Francisco"]
[Date "2014.12.16"]
[Round "8.26"]
[White "Paquette, James"]
[Black "Yamamoto, Craig"]
[Result "1/2-1/2"]
[WhiteElo "1272"]
[BlackElo "1625"]
[Annotator "Donaldson"]
[PlyCount "71"]
[EventDate "2014.??.??"]

1. d4 b6 2. e4 g6 3. Nc3 Bb7 4. Nf3 Bg7 5. Bc4 e6 6. Bg5 Ne7 7. O-O O-O 8. Re1
f6 9. Bf4 c6 10. Qd2 b5 11. Bb3 a5 12. a3 a4 13. Ba2 g5 14. Bd6 h6 15. d5 Kh8
16. dxe6 Re8 17. exd7 Qxd7 18. e5 Nc8 19. Rad1 Nxd6 20. Qxd6 Qxd6 21. exd6
Rxe1+ 22. Rxe1 Bf8 23. Re6 (23. Ne4 Nd7 24. Be6 Rd8 25. Bxd7 Rxd7 26. Nc5 {
was one way to break Black's resistance.}) 23... Nd7 24. Ne4 Kg7 25. Nd4 c5 26.
Nf5+ Kg6 27. Ne7+ Kg7 28. Nd5 (28. Nc3 $1) 28... c4 29. Ndxf6 $4 (29. Nc7 $1)
29... Kf7 30. Nxd7 Kxe6 31. Nxf8+ Rxf8 32. Nc5+ Kxd6 33. Nxb7+ Kc6 (33... Kd5
$1) 34. Na5+ $1 Kb6 35. Nxc4+ bxc4 36. Bxc4 1/2-1/2

[Event "Mechanics' Whitehead TNM; 30/90, SD/30"]
[Site "San Francisco"]
[Date "2014.08.19"]
[Round "3.29"]
[White "Plants, Tyler"]
[Black "Handler, Andrew"]
[Result "1/2-1/2"]
[WhiteElo "908"]
[BlackElo "1652"]
[PlyCount "66"]
[EventDate "2014.??.??"]

1. e4 c5 2. Nf3 Nc6 3. d4 cxd4 4. Nxd4 g6 5. Nxc6 bxc6 6. Bd3 Bg7 7. O-O d6 8.
Nc3 Nf6 9. Qf3 Bg4 10. Qg3 O-O 11. f3 Be6 12. Be3 Qa5 13. Ne2 Rab8 14. b3 Nh5
15. Qe1 Qxe1 16. Raxe1 Ra8 17. Nf4 Nxf4 18. Bxf4 a5 19. a4 Bd4+ 20. Kh1 d5 21.
exd5 cxd5 22. c4 dxc4 23. bxc4 Rac8 24. Rc1 Bd7 25. Rfe1 e6 26. Re4 Bc5 27. Bd2
Bxa4 28. Bxa5 Bc6 29. Re2 Ra8 30. Bc3 Ra3 31. h3 Rd8 32. Be4 Ba4 33. Bf6 Rb8
1/2-1/2

[Event "Mechanics' Whitehead TNM; 30/90, SD/30"]
[Site "San Francisco"]
[Date "2014.09.16"]
[Round "7.34"]
[White "Plants, Tyler"]
[Black "Louie, Henry"]
[Result "0-1"]
[WhiteElo "908"]
[BlackElo "1509"]
[PlyCount "52"]
[EventDate "2014.??.??"]

1. e4 e5 2. Nf3 Nc6 3. Nc3 Nf6 4. d4 exd4 5. Nxd4 Ne5 6. Bf4 d6 7. Be2 Be7 8.
O-O O-O 9. Nf3 Ng6 10. Bg5 h6 11. Bxf6 Bxf6 12. Rb1 Bxc3 13. bxc3 b6 14. Bc4
Bb7 15. Re1 Qf6 16. Qd2 Rad8 17. Bd5 c6 18. Bb3 Rfe8 19. c4 Bc8 20. Rbd1 Bg4
21. Qe3 Ne5 22. Rd2 Bxf3 23. gxf3 Nxf3+ 24. Kf1 Nxe1 25. Qxe1 Qf3 26. Re2 Qh1#
0-1

[Event "Mechanics' Whitehead TNM; 30/90, SD/30"]
[Site "San Francisco"]
[Date "2014.09.23"]
[Round "8.34"]
[White "Plants, Tyler"]
[Black "Otterbach, Renate"]
[Result "0-1"]
[WhiteElo "908"]
[BlackElo "1136"]
[PlyCount "54"]
[EventDate "2014.??.??"]

1. e4 e6 2. Nf3 d5 3. exd5 exd5 4. d4 Nf6 5. Nc3 c5 6. dxc5 Bxc5 7. Qe2+ Be6 8.
Ng5 O-O 9. Nxe6 fxe6 10. Qxe6+ Kh8 11. Qh3 Nc6 12. Be2 Bxf2+ 13. Kxf2 Qb6+ 14.
Ke1 Nd4 15. Kd1 Nxe2 16. Nxe2 Ne4 17. Be3 Qxb2 18. Rc1 Qb5 19. Qe6 Nf2+ 20.
Bxf2 Rxf2 21. Nd4 Qa4 22. Qxd5 Rff8 23. Ne6 Qg4+ 24. Ke1 Rfe8 25. Kd2 Rxe6 26.
Rce1 Qf4+ 27. Kd1 Rd6 0-1

[Event "Mechanics' Whitehead TNM; 30/90, SD/30"]
[Site "San Francisco"]
[Date "2014.09.02"]
[Round "5.34"]
[White "Plants, Tyler"]
[Black "Poler, Sebastian"]
[Result "0-1"]
[WhiteElo "908"]
[BlackElo "1391"]
[Annotator "Donaldson"]
[PlyCount "44"]
[EventDate "2014.??.??"]

1. e4 c6 2. Nf3 d5 3. exd5 cxd5 4. Bb5+ Bd7 5. Bxd7+ Nxd7 6. O-O e6 7. d3 Bd6
8. d4 Ngf6 9. Bg5 O-O 10. Re1 Qc7 11. Bxf6 Nxf6 12. g3 Rfe8 13. c3 b5 14. a3 a5
15. b4 Ne4 16. Qc2 axb4 17. Rc1 bxa3 18. Nxa3 Qxc3 19. Qxc3 Nxc3 20. Kg2 b4 21.
Nc2 Ne4 22. Rxa8 Rxa8 {and Black won (remaining moves unavailable).} 0-1

[Event "Mechanics' SummerTNM; 30/90, SD/30"]
[Site "San Francisco"]
[Date "2014.06.10"]
[Round "3.33"]
[White "Poblete, Tyrone"]
[Black "Eytan, David"]
[Result "1-0"]
[WhiteElo "1293"]
[BlackElo "1595"]
[PlyCount "49"]
[EventDate "2014.??.??"]

1. e4 c5 2. Nf3 Nc6 3. Bc4 d6 4. Nc3 g6 5. d3 Bg7 6. Bg5 Qa5 7. Bd2 Nf6 8. Nd5
Qd8 9. Qc1 Bg4 10. Bh6 O-O 11. Bxg7 Kxg7 12. Nxf6 Bxf3 13. Nxh7 Bxg2 14. Rg1
Rh8 15. Ng5 Qa5+ 16. c3 Rxh2 17. Qf4 Rh1 18. O-O-O Ne5 19. Rxh1 Bxh1 20. Rxh1
Rh8 21. Rxh8 Kxh8 22. Qh4+ Kg7 23. Qh7+ Kf8 24. f4 b5 25. Qh8# 1-0

[Event "Mechanics' SummerTNM; 30/90, SD/30"]
[Site "San Francisco"]
[Date "2014.07.01"]
[Round "6.35"]
[White "Poblete, Tyrone"]
[Black "Otterbach, Renate"]
[Result "0-1"]
[WhiteElo "1293"]
[BlackElo "994"]
[PlyCount "140"]
[EventDate "2014.??.??"]

1. e4 e6 2. d4 d5 3. e5 c5 4. c3 Nc6 5. Nf3 Qb6 6. Be2 cxd4 7. O-O Bc5 8. cxd4
Nxd4 9. Nxd4 Bxd4 10. Nc3 Bd7 11. a4 a5 12. Bb5 Bc6 13. Bf4 Ne7 14. Rc1 O-O 15.
Rb1 f6 16. exf6 Rxf6 17. Qg4 Nf5 18. Rbe1 Re8 19. Be5 Rg6 20. Qf4 Bc5 21. Bc7
Qa7 22. Bd3 d4 23. Nb5 Rxg2+ 24. Kh1 Rg4+ 25. f3 Rxf4 26. Nxa7 Bxa7 27. Bxf4
Kf7 28. b3 Bc5 29. Rc1 Bb4 30. Rc2 h6 31. Bxf5 exf5 32. Bd2 Bd6 33. Kg2 d3 34.
Rc3 Re2+ 35. Rf2 g5 36. Rxd3 Rxf2+ 37. Kxf2 Bc5+ 38. Be3 Bb4 39. f4 g4 40. Rd8
Kg6 41. Kg3 Be1+ 42. Bf2 Bc3 43. Kh4 Bf6+ 44. Kg3 Bxd8 45. Bd4 Kf7 46. Kf2 Bh4+
47. Ke3 Bd5 48. Bb6 Be1 49. Kd4 Bxb3 50. Ke5 Kg6 51. Be3 Bh4 52. Kd6 Bxa4 53.
Kc7 b5 54. Kb6 Be1 55. Bd4 Bc2 56. Kxb5 Bb4 57. Ba1 Bd6 58. -- Bb4 59. Kc4 Kh5
60. Bf6 Be4 61. Kb3 Bd2 62. Be5 Kh4 63. Ka4 Kh3 64. Kb5 Kxh2 65. Kc5 g3 66. Kd6
g2 67. Bd4 a4 68. Kc5 a3 69. Kc4 a2 70. Kb3 a1=Q {
and Black won in a few more moves.} 0-1

[Event "Mechanics' Spring TNM; 30/90, SD/30"]
[Site "San Francisco"]
[Date "2014.04.08"]
[Round "4.33"]
[White "Poblete, Tyrone"]
[Black "Regzedmaa, Ganhuyag"]
[Result "0-1"]
[WhiteElo "1329"]
[BlackElo "1483"]
[PlyCount "42"]
[EventDate "2014.??.??"]

1. e4 e5 2. Nf3 Nc6 3. Nc3 Nf6 4. Bc4 h6 5. d3 d6 6. h3 Be7 7. Nh4 Nd4 8. Nf3
c6 9. Nxd4 exd4 10. Ne2 b5 11. Bb3 c5 12. Ng3 O-O 13. Qf3 Be6 14. Nf5 Kh7 15.
g4 c4 16. g5 Ng8 17. Rg1 g6 18. Nxe7 Qxe7 19. dxc4 bxc4 20. Ba4 Bd5 21. Qg3
Qxe4+ 0-1

[Event "Mechanics' Fall TNM; 30/90, SD/30"]
[Site "San Francisco"]
[Date "2014.12.09"]
[Round "7.28"]
[White "Poblete, Tyrone"]
[Black "Ronin, Ari"]
[Result "0-1"]
[WhiteElo "1166"]
[BlackElo "1639"]
[Annotator "Donaldson"]
[PlyCount "94"]
[EventDate "2014.??.??"]

1. e4 e6 2. d4 d5 3. e5 c5 4. c3 Nc6 5. Nf3 Bd7 6. Be2 Qb6 7. O-O cxd4 8. cxd4
Nge7 9. Nc3 h6 10. Na4 Qc7 11. Nc5 b6 12. Nxd7 Qxd7 13. a3 a6 14. Re1 Ng6 15.
Bd3 Be7 16. Bxg6 fxg6 17. Qd3 g5 18. Qg6+ Kf8 19. Be3 Bd8 20. Rf1 Ne7 21. Qd3
Nf5 22. g4 Nxe3 23. fxe3 Ke7 24. Nd2 Rf8 25. Rxf8 Kxf8 26. Rf1+ Kg8 27. Rf3 b5
28. Nf1 Bb6 29. Rh3 Qf7 30. Qd1 Rc8 31. Rf3 Qg6 32. Rf2 Qe4 33. Rd2 Rf8 34. Rf2
Rxf2 35. Kxf2 Qg6 36. Ng3 Qf7+ 37. Kg2 g6 38. Qc2 Qe8 39. Qd3 h5 40. gxh5 gxh5
41. Qe2 g4 42. h4 Kg7 43. Qd2 Bd8 44. Nxh5+ $4 Qxh5 45. Qf2 Qxh4 46. Qf4 Qh3+
47. Kf2 Bh4+ 0-1

[Event "Mechanics' Spring TNM; 30/90, SD/30"]
[Site "San Francisco"]
[Date "2014.04.15"]
[Round "5.29"]
[White "Poblete, Tyrone"]
[Black "Rothman, Ivan"]
[Result "0-1"]
[WhiteElo "1293"]
[BlackElo "1466"]
[PlyCount "78"]
[EventDate "2014.??.??"]

1. e4 d5 2. e5 Bf5 3. d4 e6 4. c3 Be7 5. Qb3 b6 6. Nd2 Nd7 7. Be2 c5 8. Ngf3 c4
9. Qd1 f6 10. b3 b5 11. Nh4 fxe5 12. Nxf5 exf5 13. Nf3 e4 14. Ne5 Nxe5 15. dxe5
Bc5 16. b4 Bb6 17. O-O d4 18. cxd4 Bxd4 19. Rb1 Bxe5 20. Qc2 Nf6 21. Rd1 Qc7
22. g3 Rd8 23. Rd2 O-O 24. Qd1 Rxd2 25. Bxd2 Rd8 26. Qe1 f4 27. Bc3 Bxc3 28.
Qxc3 f3 29. Bf1 Qb6 30. Ra1 Qd4 31. Qxd4 Rxd4 32. a4 a6 33. axb5 axb5 34. Ra8+
Kf7 35. Rb8 Rd5 36. Rc8 g5 37. Rc5 Rxc5 38. bxc5 Ke6 39. Bh3+ Kd5 0-1

[Event "Mechanics' SummerTNM; 30/90, SD/30"]
[Site "San Francisco"]
[Date "2014.05.27"]
[Round "1.21"]
[White "Poblete, Tyrone"]
[Black "Shnaiderman, Lazar"]
[Result "0-1"]
[WhiteElo "1293"]
[BlackElo "1870"]
[PlyCount "60"]
[EventDate "2014.??.??"]

1. e4 c5 2. Nf3 g6 3. Nc3 Nc6 4. Bc4 Bg7 5. O-O d6 6. Re1 Nf6 7. d3 O-O 8. d4
cxd4 9. Nxd4 Nxe4 10. Nxc6 bxc6 11. Nxe4 d5 12. Nf6+ Bxf6 13. Bb3 Bg7 14. c3 e6
15. Qf3 a5 16. a4 Qf6 17. Qg3 Qd8 18. Bg5 Qb6 19. c4 Rb8 20. Re3 dxc4 21. Bxc4
Qxb2 22. Rae1 Re8 23. Qh4 e5 24. Bh6 e4 25. Rxe4 Bd7 26. Bxg7 Qxg7 27. Re7 Rxe7
28. Rxe7 Rb1+ 29. Bf1 Rd1 30. Kh1 {
White inadvertently touched his king in a losing position.} Rxf1# 0-1

[Event "Mechanics' Spring TNM; 30/90, SD/30"]
[Site "San Francisco"]
[Date "2014.04.22"]
[Round "6.29"]
[White "Poler, Sebastian"]
[Black "Allen, Tom"]
[Result "1-0"]
[WhiteElo "1203"]
[BlackElo "1496"]
[Annotator "Donaldson"]
[PlyCount "31"]
[EventDate "2014.??.??"]

1. d4 Nf6 2. c4 e5 3. dxe5 Ng4 4. Nf3 Bc5 5. e3 Nc6 6. a3 a5 7. b3 Ngxe5 8. Bb2
d6 9. Be2 Nxf3+ 10. Bxf3 Ne5 11. Bxe5 dxe5 12. Qxd8+ Kxd8 13. O-O Bd7 14. Rd1
c6 (14... Kc8 15. Bxb7+ Kxb7 16. Rxd7 Rad8 {
offered great activity for the pawn.}) 15. Bg4 Rb8 $4 {
Black got confused and varied from his intended move. Instead} (15... Bd4 16.
exd4 Bxg4 17. f3 Bf5 18. dxe5+ Kc7 {
offered excellent compensation for the pawn.}) 16. Rxd7+ {
and Black lost in a few more moves.} 1-0